Jak komunikovat s lidmi trpícími demencí : pomocník pro pečující / Petra Reiserová, Alena Široká
Record details
- Physical Description: 11 stran : ilustrace ; 21 cm
- Publisher: Praha : SPIN , 2004
Available copies
- 1 of 1 copy available at Common Catalog SPOK.
Holds
- 0 current holds with 1 total copy.
Show Only Available Copies
| Location | Call Number / Copy Notes | Barcode | Shelving Location | Status | Due Date |
|---|---|---|---|---|---|
| Hospic Dobrého Pastýře | PA
Tematická katagorie: Odborná - paliativní péče (PA) |
204595701938 | Skříň ve 2. patře (SKŘ) | Available | - |
| LDR | nam a22 i 4500 | ||
|---|---|---|---|
| 001 | 30094 | ||
| 003 | CZ-PrJAB | ||
| 005 | 20180305113100.0 | ||
| 007 | ta | ||
| 008 | s2004 xr a e 000 0 cze | ||
| 040 | . | ‡aABG312 ‡bcze ‡erda | |
| 072 | 7. | ‡a364-1/-7 ‡xDruhy sociální pomoci a služeb ‡2Konspekt ‡918 | |
| 100 | 1 | . | ‡aReiserová, Petra ‡4aut |
| 245 | 1 | 0. | ‡aJak komunikovat s lidmi trpícími demencí : ‡bpomocník pro pečující / ‡cPetra Reiserová, Alena Široká |
| 264 | 1. | ‡aPraha : ‡bSPIN , ‡c2004 | |
| 300 | . | ‡a11 stran : ‡bilustrace ; ‡c21 cm | |
| 336 | . | ‡atext ‡btxt ‡2rdacontent | |
| 338 | . | ‡asvazek ‡bnc ‡2rdacarrier | |
| 653 | 0 | . | ‡ademence ‡ainterpersonální komunikace ‡asociální komunikace ‡asociální péče ‡apacienti s demencí |
| 700 | 1 | . | ‡aŠiroká, Alena ‡4aut |
| 910 | . | ‡aBNE702 | |
| 901 | . | ‡a30094 ‡b ‡c30094 ‡tbiblio | |